[Event "Sparkassen Open A"]
[Site "Dortmund GER"]
[Date "2010.07.19"]
[Round "3"]
[White "Schiefelbusch,D"]
[Black "Carmesin,M"]
[Result "1-0"]
[WhiteElo "2135"]
[BlackElo "1859"]
[EventDate "2010.07.17"]

1. b4 e5 2. Bb2 d6 3. e3 g6 4. c4 Bg7 5. Nf3 Ne7 6. Be2 O-O 7. d4 e4 8.
Nfd2 f5 9. Nc3 Nd7 10. O-O g5 11. Qb3 Nf6 12. d5 Ng6 13. c5 Qe7 14. Rac1 f4
15. cxd6 cxd6 16. Nb5 a6 17. Nc7 Rb8 18. Rc2 Ng4 19. Bxg7 Qxg7 20. Ne6 Bxe6
21. dxe6 Nf6 22. e7+ Rf7 23. Qe6 Nxe7 24. Qxd6 Rff8 25. Rc7 Rbd8 26. Qe5
Nfd5 27. Qxg7+ Kxg7 28. Rxb7 fxe3 29. fxe3 Rxf1+ 30. Nxf1 Rc8 31. Bxa6 Kf6
32. Rxe7 Nxe7 33. Bxc8 Nxc8 34. Kf2 Ke5 35. Ke2 Kd5 36. Kd2 Kc4 37. a3 Kb3
38. b5 Nb6 39. Ng3 Nc4+ 40. Ke2 Nd6 41. b6 Kxa3 42. Nxe4 Nb7 43. Nxg5 h6
44. Nf7 h5 45. e4 Nc5 46. Nd6 1-0

[Event "Sparkassen Open A"]
[Site "Dortmund GER"]
[Date "2010.07.19"]
[Round "3"]
[White "Carlstedt,J"]
[Black "Sundorf,Jannik"]
[Result "1/2-1/2"]
[WhiteElo "2379"]
[BlackElo "2070"]
[EventDate "2010.07.17"]

1. c4 Nf6 2. g3 e5 3. Bg2 d5 4. cxd5 Nxd5 5. Nc3 Nb6 6. Nf3 Nc6 7. O-O g5
8. d4 exd4 9. Nb5 Be7 10. Nfxd4 Nxd4 11. Nxd4 c6 12. Nf3 Qxd1 13. Rxd1 Rg8
14. Be3 Bf6 15. Bd4 Bxd4 16. Nxd4 Bd7 17. Be4 h6 18. Bf5 Rd8 19. Bxd7+ Rxd7
20. Nf5 Rg6 21. Rac1 Nc8 22. e4 Nd6 23. g4 Nxf5 24. gxf5 Rgd6 25. Rxd6 Rxd6
26. Rc2 Ke7 27. f3 f6 28. Kf2 Rd1 29. h4 Rh1 30. Kg2 Rxh4 31. Rc3 Kd6 32.
Ra3 a6 33. Rb3 Kc7 34. Rd3 h5 35. Kg3 Rf4 36. b4 Rh4 37. Rd1 b6 38. a3 Rf4
39. Rd4 Rh4 40. Kg2 Rf4 41. a4 a5 42. bxa5 bxa5 43. Rc4 Kd6 44. Kg3 h4+ 45.
Kg2 h3+ 46. Kxh3 Rxf3+ 47. Kg4 Rf4+ 48. Kh5 Ke5 49. Kg6 Rxe4 50. Rc5+ Kd6
51. Rxa5 g4 52. Kxf6 g3 53. Ra8 Rg4 54. Rd8+ Kc5 55. Rd1 Rxa4 56. Ke5 Ra2
57. Rc1+ Kb5 58. Rb1+ Kc5 59. Rc1+ Kb5 60. f6 Rf2 61. Ke6 c5 62. f7 c4 63.
Rg1 g2 64. Rxg2 Rxf7 65. Kxf7 c3 66. Ke6 Kc4 67. Rg8 Kd3 68. Kd5 c2 69. Rg1
Kd2 70. Kd4 c1=Q 71. Rxc1 1/2-1/2

[Event "Sparkassen Open A"]
[Site "Dortmund GER"]
[Date "2010.07.19"]
[Round "3"]
[White "Carrasco,Pau"]
[Black "Krueger,Er"]
[Result "1/2-1/2"]
[WhiteElo "2038"]
[BlackElo "2255"]
[EventDate "2010.07.17"]

1. c4 Nf6 2. Nc3 g6 3. d4 Bg7 4. e4 d6 5. f3 O-O 6. Be3 Nc6 7. Qd2 a6 8.
Bd3 e5 9. Nge2 Nh5 10. d5 Nd4 11. O-O c5 12. dxc6 bxc6 13. Rac1 Rb8 14. b3
f5 15. Bb1 c5 16. Nd5 f4 17. Bf2 g5 18. Nxd4 exd4 19. Bd3 Be5 20. Be2 Nf6
21. Rb1 h5 22. b4 Nxd5 23. cxd5 g4 24. bxc5 Rxb1 25. Rxb1 dxc5 26. Be1 gxf3
27. Bxf3 Bg4 28. Qe2 Qg5 29. Rb6 Bxf3 30. Qxf3 c4 31. Re6 d3 32. h4 Bd4+
33. Kf1 Qg7 34. Qxh5 Rf6 35. Re8+ Rf8 36. Re6 Rf6 37. Re8+ Rf8 1/2-1/2

[Event "Sparkassen Open A"]
[Site "Dortmund GER"]
[Date "2010.07.19"]
[Round "3"]
[White "Wiebe,P"]
[Black "Butschek,T"]
[Result "1-0"]
[WhiteElo "2248"]
[BlackElo "2040"]
[EventDate "2010.07.17"]

1. c4 f5 2. g3 Nf6 3. Bg2 g6 4. Nc3 Bg7 5. d3 Nc6 6. e4 fxe4 7. dxe4 e5 8.
Nge2 d6 9. O-O Be6 10. Nd5 O-O 11. Bg5 Qd7 12. Qd2 Bh3 13. Bxh3 Qxh3 14.
Bxf6 Bxf6 15. Nxc7 Rad8 16. Nb5 Be7 17. Rad1 Qg4 18. Nbc3 Rf3 19. Kg2 Rdf8
20. h3 Qh5 21. Ng1 Nd4 22. Nce2 Bg5 23. Qa5 Nxe2 24. Nxe2 Be3 25. Qd5+ Kh8
26. Ng1 Bxf2 27. Rd3 Qg5 28. Rxf3 Rxf3 29. Kxf3 Qe3+ 30. Kg2 Qxg3+ 31. Kh1
Bxg1 32. Qd2 Bd4 33. Qh6 1-0

[Event "Sparkassen Open A"]
[Site "Dortmund GER"]
[Date "2010.07.19"]
[Round "3"]
[White "Beer,M"]
[Black "Guennigmann,M"]
[Result "1/2-1/2"]
[WhiteElo "2024"]
[BlackElo "2234"]
[EventDate "2010.07.17"]

1. e4 c5 2. Nf3 Nc6 3. d4 cxd4 4. Nxd4 Nf6 5. Nc3 e5 6. Nf3 Bb4 7. Bc4 O-O
8. O-O Bxc3 9. bxc3 Nxe4 10. Re1 Nf6 11. Ba3 Re8 12. Bd6 Qa5 13. Ng5 Nd8
14. Qf3 h6 15. Ne4 Nxe4 16. Rxe4 Ne6 17. Re3 Ng5 18. Qf5 Qb6 19. Rd1 Qc6
20. Bb3 a5 21. h4 a4 22. hxg5 axb3 23. gxh6 bxc2 24. Qxc2 Re6 25. h7+ Kh8
26. Bxe5 d6 27. Rxd6 1/2-1/2

[Event "Sparkassen Open A"]
[Site "Dortmund GER"]
[Date "2010.07.19"]
[Round "3"]
[White "Bouaraba,M"]
[Black "Barskij,A"]
[Result "1-0"]
[WhiteElo "2224"]
[BlackElo "2000"]
[EventDate "2010.07.17"]

1. d4 Nf6 2. c4 g6 3. g3 Bg7 4. Bg2 d5 5. cxd5 Nxd5 6. Nf3 O-O 7. O-O Nc6
8. Nc3 Nb6 9. e3 e5 10. d5 Na5 11. e4 c6 12. Be3 cxd5 13. exd5 Nac4 14. Bc5
Nd6 15. Nd2 Bf5 16. Qb3 Nbc8 17. Nc4 Bd3 18. Nxd6 Nxd6 19. Rfd1 e4 20. Bxd6
Qxd6 21. Nxe4 Bxe4 22. Bxe4 Rfe8 23. Bf3 b6 24. Rac1 Rac8 25. Rc6 Qe5 26.
Qc4 Rcd8 27. d6 Qxb2 28. Rc7 Qf6 29. Rxf7 Qxf7 30. Bd5 1-0

[Event "Sparkassen Open A"]
[Site "Dortmund GER"]
[Date "2010.07.19"]
[Round "3"]
[White "Tkachuk,K"]
[Black "Kelm,M"]
[Result "1-0"]
[WhiteElo "2181"]
[BlackElo "1951"]
[EventDate "2010.07.17"]

1. e4 e6 2. d4 d5 3. exd5 exd5 4. Nf3 Nc6 5. Bb5 Bd6 6. c4 dxc4 7. d5 a6 8.
Ba4 b5 9. dxc6 bxa4 10. O-O Ne7 11. Qxa4 O-O 12. Nbd2 c3 13. bxc3 Qe8 14.
Nd4 Bb7 15. Rb1 Bxc6 16. Nxc6 Qxc6 17. Qxc6 Nxc6 18. Nc4 Rab8 19. Rb3 Rb5
20. Nxd6 cxd6 21. Rd1 Re8 22. Rxb5 axb5 23. Kf1 Rd8 24. Bf4 d5 25. Rb1 d4
26. Rxb5 d3 27. Ke1 f6 28. Kd2 g5 29. Rc5 Ne5 30. Be3 Ng6 31. Bd4 Nf4 32.
g3 Ne6 33. Rc4 Rb8 34. Kxd3 Rb2 35. a4 Nxd4 36. cxd4 Rxf2 37. Rc2 Rf3+ 38.
Kc4 Ra3 39. Kb5 Rd3 40. Kc5 Ra3 41. Kb5 Rd3 42. Rc4 Rd2 43. a5 1-0

[Event "Sparkassen Open A"]
[Site "Dortmund GER"]
[Date "2010.07.19"]
[Round "3"]
[White "Pilat,F"]
[Black "Kartsev,So"]
[Result "1-0"]
[WhiteElo "1944"]
[BlackElo "2202"]
[EventDate "2010.07.17"]

1. d4 Nf6 2. Nf3 e6 3. e3 b6 4. Bd3 Bb7 5. O-O Ne4 6. c4 Be7 7. b3 d6 8.
Bb2 O-O 9. Nbd2 f5 10. Qc2 Nxd2 11. Nxd2 Nd7 12. e4 f4 13. e5 h6 14. exd6
cxd6 15. f3 e5 16. Rfe1 Bf6 17. Ne4 Qc7 18. Rad1 Rad8 19. Kh1 Kh8 20. Qe2
Bh4 21. Rf1 exd4 22. Bxd4 Rde8 23. Qb2 Nf6 24. Nxf6 Bxf6 25. Bb1 Bxd4 26.
Qxd4 Rf6 27. Rfe1 Ref8 28. Re2 g6 29. Rde1 R8f7 30. Re7 Qc5 31. Rxf7 1-0

[Event "Sparkassen Open A"]
[Site "Dortmund GER"]
[Date "2010.07.19"]
[Round "3"]
[White "Wickenfeld,S"]
[Black "Bub,V"]
[Result "0-1"]
[WhiteElo "1974"]
[BlackElo "2193"]
[EventDate "2010.07.17"]

1. d4 d6 2. Nf3 g6 3. g3 Bg7 4. Bg2 Nd7 5. O-O c6 6. b3 c5 7. Bb2 Nh6 8. c4
O-O 9. Qc2 cxd4 10. Nxd4 Nf6 11. Nd2 Nf5 12. Rac1 Nxd4 13. Bxd4 Bf5 14. Qb2
e5 15. Bc3 Qd7 16. c5 dxc5 17. Bxe5 Nh5 18. Bxg7 Nxg7 19. Rxc5 Ne6 20. Rd5
Qe7 21. Re5 Qf6 22. Nc4 Nd8 23. Rd1 Be6 24. Re3 Qxb2 25. Nxb2 Rc8 26. Red3
Nc6 27. Bxc6 Rxc6 28. f3 Rfc8 29. Kf2 Kg7 30. e4 b5 31. R3d2 a5 32. Nd3 g5
33. f4 Bg4 34. Rb1 Rc2 35. Rb2 Rxb2 36. Rxb2 gxf4 37. gxf4 f6 38. Ke3 Bh3
39. f5 Bf1 40. Nf4 Rc3+ 41. Kf2 Rc1 42. Nh5+ Kf7 43. Ng3 Bd3 44. Ke3 Bb1
45. Rd2 Rc3+ 46. Kd4 Rc7 47. Rb2 Bc2 48. Nf1 a4 49. Ne3 axb3 50. axb3 Rd7+
51. Nd5 Bd1 52. b4 Rd8 53. Rb1 Bc2 54. Ra1 Ba4 55. Rc1 Rd7 56. Rc6 Kg7 57.
Rxf6 Rxd5+ 58. exd5 Kxf6 59. Kc5 Bc2 60. d6 Bxf5 61. Kc6 Ke5 62. d7 Bxd7+
63. Kxd7 Kd5 64. Ke7 Kc4 65. Kf7 Kxb4 66. Kg7 Kc4 67. Kxh7 b4 68. h4 b3 69.
h5 b2 70. h6 b1=Q+ 71. Kg8 Qb8+ 72. Kg7 Qe5+ 73. Kg8 Qg5+ 74. Kh7 Kd5 0-1

[Event "Sparkassen Open A"]
[Site "Dortmund GER"]
[Date "2010.07.19"]
[Round "3"]
[White "Fichtner,E"]
[Black "Mazarov,J"]
[Result "1/2-1/2"]
[WhiteElo "1972"]
[BlackElo "2167"]
[EventDate "2010.07.17"]

1. d4 d5 2. Bf4 Nf6 3. e3 c5 4. c3 Nc6 5. Nd2 e6 6. Ngf3 Bd6 7. Bg3 O-O 8.
Ne5 Bxe5 9. dxe5 Nd7 10. f4 f6 11. Nf3 fxe5 12. fxe5 Qc7 13. Bd3 Ndxe5 14.
Nxe5 Nxe5 15. Bxh7+ Kxh7 16. Qh5+ Kg8 17. Qxe5 Qxe5 18. Bxe5 b6 19. O-O-O
Ba6 20. Bg3 Rf7 21. Rhe1 1/2-1/2

[Event "Sparkassen Open A"]
[Site "Dortmund GER"]
[Date "2010.07.19"]
[Round "3"]
[White "Roehrich,S"]
[Black "Kubo,T"]
[Result "1-0"]
[WhiteElo "2142"]
[BlackElo "1992"]
[EventDate "2010.07.17"]

1. e4 c6 2. c4 d5 3. exd5 cxd5 4. cxd5 Nf6 5. Bb5+ Bd7 6. Bc4 b5 7. Bb3 Bg4
8. f3 Bh5 9. Qe2 Qb6 10. Nc3 a6 11. d3 Nbd7 12. Be3 Qb7 13. Nh3 Nb6 14. Nf4
Bg6 15. a3 Rd8 16. O-O Bf5 17. Bd4 h5 18. Rfe1 Rh6 19. h4 Qc7 20. Qe3 Rc8
21. Rac1 Qd7 22. Ne4 e6 23. Nc5 Bxc5 24. Bxc5 1-0

[Event "Sparkassen Open A"]
[Site "Dortmund GER"]
[Date "2010.07.19"]
[Round "3"]
[White "Kartsev,A2"]
[Black "Butschek,M"]
[Result "1-0"]
[WhiteElo "2145"]
[BlackElo "1891"]
[EventDate "2010.07.17"]

1. d4 f5 2. g3 g6 3. Bg2 Nf6 4. Nh3 Bg7 5. Nf4 d6 6. d5 Na6 7. Nc3 c6 8. h4
cxd5 9. h5 Nxh5 10. Nxh5 gxh5 11. Qxd5 e6 12. Qf3 Qc7 13. Qxh5+ Qf7 14. Qh4
Nc7 15. Bf3 Bf6 16. Qb4 Ke7 17. Bf4 e5 18. O-O-O Rd8 19. Be3 e4 20. Bh5 Qe6
21. g4 a5 22. Qb6 Rd7 23. gxf5 Qxf5 24. Rdg1 Bxc3 25. Bg4 Qf7 26. bxc3 Ne6
27. Bxe6 Kxe6 28. Rh6+ Ke7 29. Bg5+ Ke8 30. Qd4 1-0

[Event "Sparkassen Open A"]
[Site "Dortmund GER"]
[Date "2010.07.19"]
[Round "3"]
[White "Henkemeier,Mi"]
[Black "Schorra,H"]
[Result "1-0"]
[WhiteElo "1922"]
[BlackElo "2111"]
[EventDate "2010.07.17"]

1. d4 d5 2. c4 e6 3. Nc3 Nf6 4. Bg5 Be7 5. Nf3 h6 6. Bh4 O-O 7. e3 Ne4 8.
Bxe7 Qxe7 9. Bd3 Nxc3 10. bxc3 Nd7 11. Qc2 Re8 12. cxd5 exd5 13. O-O c5 14.
Rfe1 Nf6 15. Ne5 b6 16. a4 Qd6 17. Qe2 c4 18. Bc2 Rxe5 19. dxe5 Qxe5 20. e4
Qxc3 21. exd5 Bd7 22. Rac1 Qb4 23. Qd1 Rd8 24. Qd4 Bc6 25. Bd3 Rxd5 26.
Qxc4 Qxa4 27. Qxa4 Bxa4 28. Rc8+ 1-0

[Event "Sparkassen Open A"]
[Site "Dortmund GER"]
[Date "2010.07.19"]
[Round "3"]
[White "Franke,T"]
[Black "Glahn,Michael"]
[Result "1-0"]
[WhiteElo "2198"]
[BlackElo "1826"]
[EventDate "2010.07.17"]

1. e4 Nf6 2. e5 Nd5 3. d4 d6 4. Nf3 Bf5 5. Bd3 Bxd3 6. Qxd3 e6 7. O-O Nc6
8. Bg5 Be7 9. Bxe7 Ndxe7 10. Qe4 dxe5 11. dxe5 Qd5 12. Qa4 O-O 13. Nc3 Qc5
14. Ne4 Qb4 15. Qxb4 Nxb4 16. a3 Nbd5 17. Rfd1 Rfd8 18. g3 Nc6 19. Nc5 b6
20. Na6 Rac8 21. Kf1 Nb8 22. Nxb8 Rxb8 23. Nd4 Ra8 24. Nc6 Re8 25. Nb4 Red8
26. Ke2 Kf8 27. Nc6 Re8 28. Rd3 Ne7 29. Nd4 Nf5 30. Nc6 Ne7 31. Nd4 Nf5 32.
Nb5 Red8 33. g4 Rxd3 34. cxd3 c6 35. gxf5 cxb5 36. fxe6 fxe6 37. Rc1 Rd8
38. Ke3 Rd7 39. h4 Ke7 40. h5 Kf7 41. Rc8 Ke7 42. Ke4 Kf7 43. f4 Ke7 44.
Rc3 g6 45. h6 Kd8 46. Rc6 Re7 47. d4 Kd7 48. d5 exd5+ 49. Kxd5 Kd8 50. e6
Rb7 51. Kd6 a6 52. b4 a5 53. bxa5 bxa5 54. Ra6 Rb8 55. Rxa5 Rb6+ 56. Ke5
Rb8 57. Ra7 Rb6 58. Rxh7 b4 59. axb4 Rxb4 60. Rg7 Rb5+ 61. Ke4 Rb4+ 62. Kf3
Rb3+ 63. Kg4 Rb1 64. Kg5 Rg1+ 65. Kf6 Re1 66. h7 1-0

[Event "Sparkassen Open A"]
[Site "Dortmund GER"]
[Date "2010.07.19"]
[Round "3"]
[White "Mundorf,J"]
[Black "Steinmetzer,T"]
[Result "0-1"]
[WhiteElo "1903"]
[BlackElo "2114"]
[EventDate "2010.07.17"]

1. Nf3 Nf6 2. g3 c5 3. Bg2 Nc6 4. c4 g6 5. b3 Bg7 6. Bb2 d6 7. d4 Ne4 8.
O-O Bf5 9. e3 O-O 10. Nh4 e6 11. Nc3 Nxc3 12. Bxc3 cxd4 13. exd4 Qf6 14.
Nxf5 Qxf5 15. Qf3 Qxf3 16. Bxf3 Nxd4 17. Bxd4 Bxd4 18. Rad1 Bc5 19. Bxb7
Rab8 20. Be4 a5 21. Bc2 f5 22. Kg2 e5 23. f3 h5 24. h4 Kg7 25. f4 e4 26. a4
Rfe8 27. Rfe1 Kf6 28. Rd5 Rb6 29. Kf1 Reb8 30. Rb1 Ke6 31. Ke2 Kd7 32. Kf1
Rc8 33. Ke2 Bb4 34. Rbd1 Rc5 35. Rxc5 Bxc5 36. Rd5 Rc6 37. Bd1 Bb4 38. Rb5
Kc7 39. Bc2 Rc5 40. Bb1 Rxb5 41. axb5 Kb6 42. Bc2 Kc5 43. Bd1 Bc3 44. Kf1
Bd4 45. Ke2 Kb4 46. Kd2 Bf2 47. Ke2 Bxg3 48. b6 Bxf4 49. b7 d5 50. cxd5 Kc5
51. b4+ Kxb4 52. Kf2 a4 53. Kg2 a3 54. Kh3 a2 55. d6 Bxd6 56. Bf3 a1=Q 57.
Kg2 exf3+ 58. Kh3 Qh1+ 0-1

[Event "Sparkassen Open A"]
[Site "Dortmund GER"]
[Date "2010.07.19"]
[Round "3"]
[White "Hecht,C"]
[Black "Kuempers,U"]
[Result "0-1"]
[WhiteElo "1773"]
[BlackElo "2091"]
[EventDate "2010.07.17"]

1. e4 c6 2. d4 d5 3. e5 Bf5 4. g4 Bd7 5. c4 e6 6. Nf3 h5 7. g5 Ne7 8. Nc3
Nf5 9. Bd3 g6 10. c5 b6 11. b4 a5 12. Na4 b5 13. Nb6 Ra6 14. bxa5 Rxa5 15.
Bd2 Ra3 16. Bb4 Ra6 17. Be2 h4 18. a4 Be7 19. axb5 cxb5 20. Bc3 Bc6 21. Rb1
Bxg5 22. Bxb5 Bxb5 23. Rxb5 Nc6 24. Rb1 Bf4 25. Qb3 O-O 26. Ke2 Qc7 27. Ra1
Rxa1 28. Rxa1 Ncxd4+ 29. Bxd4 Nxd4+ 30. Nxd4 Qxe5+ 31. Kd3 Qe4+ 32. Kc3 e5
33. Nc2 d4+ 34. Kb2 d3 35. Nd5 Qe2 36. Nxf4 exf4 37. Re1 Qd2 38. Rc1 Rc8
39. c6 Rxc6 40. Qb8+ Kh7 41. Qb3 Kg7 42. Kb1 dxc2+ 43. Kb2 Qd4+ 44. Ka2 0-1

[Event "Sparkassen Open A"]
[Site "Dortmund GER"]
[Date "2010.07.20"]
[Round "4"]
[White "Michalczak,T"]
[Black "Zaitsev,Mikhail V"]
[Result "1/2-1/2"]
[WhiteElo "2367"]
[BlackElo "2507"]
[EventDate "2010.07.17"]

1. e4 e5 2. Nf3 Nf6 3. Nxe5 d6 4. Nf3 Nxe4 5. d4 d5 6. Bd3 Nc6 7. O-O Be7
8. c4 Nf6 9. h3 Nb4 10. Be2 dxc4 11. Bxc4 O-O 12. Nc3 c6 13. a3 Nbd5 14.
Re1 Be6 15. Bd3 Qc8 16. Qc2 h6 17. Ne5 1/2-1/2

[Event "Sparkassen Open A"]
[Site "Dortmund GER"]
[Date "2010.07.20"]
[Round "4"]
[White "Frombach,R"]
[Black "Cherniaev,A1"]
[Result "1/2-1/2"]
[WhiteElo "2224"]
[BlackElo "2469"]
[EventDate "2010.07.17"]

1. d4 Nf6 2. c4 d6 3. Nc3 e5 4. Nf3 e4 5. Nd2 Qe7 6. g3 h5 7. Bg2 e3 8.
fxe3 h4 9. Nde4 Nxe4 10. Bxe4 c6 11. Bg2 Qg5 12. e4 Qg6 13. Bf4 Nd7 14. Qd2
f6 15. O-O-O Be7 16. Bh3 Qf7 17. e5 Nb6 18. Bxc8 Rxc8 19. exf6 Nxc4 20.
fxg7 Qxg7 21. Qd3 Nb6 22. gxh4 Rxh4 23. Rhg1 Qh7 24. Qxh7 Rxh7 25. Rg6 d5
26. Rdg1 Kd7 27. Rg7 Rxg7 28. Rxg7 Ke6 29. h4 Rf8 30. e3 Rf7 31. Rxf7 Kxf7
32. h5 Nd7 33. e4 Nf6 34. exd5 Nxh5 35. dxc6 bxc6 36. Bb8 a6 37. Kc2 Ke6
38. Kb3 Nf6 39. Bc7 Nd5 40. Nxd5 cxd5 41. Bb6 Kd7 42. Kc3 Bg5 43. Kd3 Bc1
44. b3 Bg5 45. Bc5 Ke6 46. Ke2 Bd8 47. b4 Kd7 48. a4 Kc6 49. Kf3 Bh4 50.
Kf4 Bd8 51. Kf5 Bh4 52. Ke5 Bg3+ 53. Ke6 Bh4 54. Kf7 Bg5 55. Ke8 Bh4
1/2-1/2

[Event "Sparkassen Open A"]
[Site "Dortmund GER"]
[Date "2010.07.20"]
[Round "4"]
[White "Henrichs,T"]
[Black "Steinle,C"]
[Result "1-0"]
[WhiteElo "2490"]
[BlackElo "2151"]
[EventDate "2010.07.17"]

1. d4 Nf6 2. c4 b6 3. f3 c5 4. d5 d6 5. e4 g6 6. Nc3 Bg7 7. Nge2 Na6 8. Bg5
Nc7 9. a4 Na6 10. Ng3 Nb4 11. Be2 h6 12. Be3 h5 13. O-O a6 14. Qd2 Qc7 15.
Nh1 Bd7 16. Nf2 Rb8 17. Rfc1 h4 18. Na2 a5 19. Nc3 Nh5 20. Rf1 Kf8 21. Rad1
Kg8 22. b3 Rf8 23. Nb5 Qb8 24. Bg5 Bf6 25. Bxf6 Nxf6 26. f4 Ne8 27. f5 Kg7
28. Qg5 Nf6 29. e5 Bxb5 30. fxg6 fxg6 31. axb5 dxe5 32. Nd3 Nxd3 33. Bxd3
Qe8 34. Qxe5 Rh5 35. Qe6 h3 36. g3 Qd8 37. Rde1 Rf7 38. Be2 Rh7 39. Bg4 Qd6
40. Bxh3 Qd8 41. Bg2 Qh8 42. h4 Qb8 43. Rf4 Kf8 44. Ref1 Kg7 45. d6 Qxd6
46. Rxf6 1-0

[Event "Sparkassen Open A"]
[Site "Dortmund GER"]
[Date "2010.07.20"]
[Round "4"]
[White "Bach,Mat"]
[Black "Richter,Gera"]
[Result "1-0"]
[WhiteElo "2303"]
[BlackElo "2119"]
[EventDate "2010.07.17"]

1. e4 c5 2. b4 cxb4 3. a3 Nf6 4. e5 Nd5 5. Bc4 Nb6 6. Bb3 e6 7. axb4 Qg5 8.
Nf3 Qxg2 9. Rg1 Qh3 10. Nc3 h6 11. b5 d6 12. exd6 N8d7 13. Ba3 Nf6 14. Qe2
Bd7 15. Ne4 Qf5 16. Nxf6+ Qxf6 17. Ne5 Nc8 18. Rg3 Nxd6 19. Bb2 Bxb5 20.
Qe3 a6 21. Qb6 Qd8 22. Qd4 Nf5 23. Qf4 Bd6 24. Rxg7 Qc7 25. Bxe6 Nxg7 26.
Bxf7+ Kd8 27. Qf6+ Qe7 28. Qxg7 Rf8 29. O-O-O Bxe5 30. Bxe5 Qxf7 31. Qxh6
Bc6 32. Rg1 Re8 33. Rg7 Qe6 34. Qh4+ Kc8 35. Rc7+ Kb8 36. Re7+ Qxe5 37.
Rxe5 Rxe5 38. Qf4 1-0

[Event "Sparkassen Open A"]
[Site "Dortmund GER"]
[Date "2010.07.20"]
[Round "4"]
[White "Rott,G"]
[Black "Schiefelbusch,D"]
[Result "1/2-1/2"]
[WhiteElo "2221"]
[BlackElo "2135"]
[EventDate "2010.07.17"]

1. e4 c6 2. d4 d5 3. exd5 cxd5 4. c4 Nf6 5. Nc3 e6 6. Nf3 Be7 7. a3 O-O 8.
cxd5 exd5 9. Be2 Nc6 10. O-O Bf5 11. Be3 Rc8 12. Rc1 Ne4 13. Nxe4 dxe4 14.
Ne5 Nxe5 15. dxe5 Rxc1 16. Qxc1 Qa5 17. Bd4 Rd8 18. Bc3 Qb6 19. Qf4 Qg6 20.
Qe3 b6 21. Rd1 Rxd1+ 22. Bxd1 h6 23. Bc2 Qc6 24. h3 Qg6 25. Kf1 Bc5 26. Qf4
Qe6 27. Kg1 Bg6 28. Qd2 Qc4 29. b3 Qe6 30. Qd8+ Kh7 31. b4 Bxf2+ 32. Kxf2
e3+ 33. Kxe3 Bxc2 34. Qd6 Qf5 35. Qd4 Qe6 36. Qd6 1/2-1/2

[Event "Sparkassen Open A"]
[Site "Dortmund GER"]
[Date "2010.07.20"]
[Round "4"]
[White "Aulich,M"]
[Black "Savchenko,Alek"]
[Result "1/2-1/2"]
[WhiteElo "2102"]
[BlackElo "2275"]
[EventDate "2010.07.17"]

1. e4 c5 2. Nf3 e6 3. c3 Nf6 4. e5 Nd5 5. d4 cxd4 6. cxd4 d6 7. Bc4 Nc6 8.
O-O Be7 9. Re1 O-O 10. Nc3 dxe5 11. dxe5 Nxc3 12. bxc3 Qxd1 13. Rxd1 Na5
14. Bd3 Rd8 15. Bg5 f6 16. Bf4 f5 17. Bb5 Rxd1+ 18. Rxd1 h6 19. h4 Kf7 20.
Be3 b6 21. h5 Bb7 22. Rd7 Rd8 23. Ng5+ hxg5 24. Rxe7+ Kxe7 25. Bxg5+ Kf7
26. Bxd8 Bd5 27. a4 Nc4 28. Bc7 Na3 29. Bb8 a5 1/2-1/2

[Event "Sparkassen Open A"]
[Site "Dortmund GER"]
[Date "2010.07.20"]
[Round "4"]
[White "Zimmermann,Dir"]
[Black "Bouaraba,M"]
[Result "1/2-1/2"]
[WhiteElo "2085"]
[BlackElo "2224"]
[EventDate "2010.07.17"]

1. d4 Nf6 2. c4 e6 3. g3 d5 4. Bg2 dxc4 5. Nf3 Bb4+ 6. Bd2 Be7 7. Qa4+ Bd7
8. Qxc4 Bc6 9. O-O Nbd7 10. Nc3 O-O 11. Rac1 Rc8 12. Qd3 a6 13. Rfd1 b5 14.
a3 Rb8 15. e4 Nc5 16. Qc2 Ncd7 17. Bf4 Rb6 18. Ne5 1/2-1/2

[Event "Sparkassen Open A"]
[Site "Dortmund GER"]
[Date "2010.07.20"]
[Round "4"]
[White "Kuznetsov,Mar"]
[Black "Tkachuk,K"]
[Result "1/2-1/2"]
[WhiteElo "2085"]
[BlackElo "2181"]
[EventDate "2010.07.17"]

1. d4 Nf6 2. c4 g6 3. Nf3 Bg7 4. Nc3 O-O 5. e4 d6 6. Bd3 e5 7. dxe5 dxe5 8.
O-O Bg4 9. h3 Bxf3 10. Qxf3 c6 11. Bc2 Nbd7 12. Be3 Qc7 13. Rad1 Rfd8 14.
c5 Nf8 15. Bb3 Qe7 16. Rxd8 Rxd8 17. Rd1 Rxd1+ 18. Qxd1 N6d7 19. Na4 Ne6
20. Bxe6 Qxe6 21. Nc3 f5 22. f3 Bf8 23. b4 Be7 24. Qd3 f4 25. Bf2 Kf8 26.
Na4 Ke8 27. Qb3 Qxb3 28. axb3 Kd8 29. Kf1 Kc7 30. Ke2 b5 31. cxb6+ axb6 32.
Be1 b5 1/2-1/2

[Event "Sparkassen Open A"]
[Site "Dortmund GER"]
[Date "2010.07.20"]
[Round "4"]
[White "Naundorf,M"]
[Black "Henkemeier,Mi"]
[Result "1-0"]
[WhiteElo "2127"]
[BlackElo "1922"]
[EventDate "2010.07.17"]

1. c4 Nf6 2. g3 g6 3. Bg2 Bg7 4. Nc3 O-O 5. d4 d6 6. Nf3 Nbd7 7. O-O Re8 8.
e4 c6 9. Re1 e5 10. h3 Qe7 11. Be3 h6 12. Qc2 Nf8 13. Rad1 Nh5 14. Qc1 Kh7
15. c5 dxc5 16. dxe5 g5 17. Ne2 Ng6 18. Bxc5 Qc7 19. Bd6 Qb6 20. Qc3 Be6
21. b3 Rad8 22. Rd2 Rd7 23. Red1 Red8 24. Qd4 g4 25. Qxb6 axb6 26. hxg4
Bxg4 27. Ned4 Nxe5 28. Bxe5 Bxe5 29. Nxe5 Bxd1 30. Nxd7 Rxd7 31. Rxd1 1-0

[Event "Sparkassen Open A"]
[Site "Dortmund GER"]
[Date "2010.07.20"]
[Round "4"]
[White "Krueger,An"]
[Black "Bluebaum,M"]
[Result "1/2-1/2"]
[WhiteElo "2061"]
[BlackElo "2098"]
[EventDate "2010.07.17"]

1. Nf3 Nf6 2. c4 c6 3. g3 d5 4. Bg2 Bg4 5. Ne5 Be6 6. cxd5 cxd5 7. Nc3 g6
8. Qb3 Nbd7 9. d4 Nb6 10. a4 Qc8 11. a5 Nbd7 12. Nxd5 Nxe5 13. dxe5 Nxd5
14. Bxd5 Bxd5 15. Qxd5 Bg7 16. Bf4 O-O 17. Rc1 Qf5 18. O-O b6 19. h4 e6
1/2-1/2

[Event "Sparkassen Open A"]
[Site "Dortmund GER"]
[Date "2010.07.20"]
[Round "4"]
[White "Carlstedt,J"]
[Black "Pilat,F"]
[Result "1-0"]
[WhiteElo "2379"]
[BlackElo "1944"]
[EventDate "2010.07.17"]

1. c4 e5 2. g3 Nc6 3. Bg2 f5 4. Nc3 Nf6 5. d3 g6 6. e3 Bg7 7. Nge2 O-O 8.
O-O d6 9. Rb1 a5 10. a3 h6 11. b4 axb4 12. axb4 Qe8 13. Nd5 Qf7 14. b5 Nd8
15. b6 c6 16. Nc7 Rb8 17. Ba3 Qd7 18. Qa4 Ne6 19. Qa7 Nxc7 20. Qxb8 Nce8
21. h3 Kh7 22. Rbd1 Qe6 23. d4 e4 24. d5 cxd5 25. Nf4 Qe7 26. cxd5 Bh8 27.
Rc1 Ng7 28. Qxd6 Qxd6 29. Bxd6 Re8 30. Rfd1 1-0

[Event "Sparkassen Open A"]
[Site "Dortmund GER"]
[Date "2010.07.20"]
[Round "4"]
[White "Krueger,Er"]
[Black "Beer,M"]
[Result "1/2-1/2"]
[WhiteElo "2255"]
[BlackElo "2024"]
[EventDate "2010.07.17"]

1. d4 d6 2. c4 e5 3. Nc3 exd4 4. Qxd4 Nc6 5. Qd2 Nf6 6. g3 Bf5 7. Bg2 Qe7
8. Nf3 Ne4 9. Nxe4 Bxe4 10. O-O g6 11. b3 O-O-O 12. Bb2 Rg8 13. Ne1 g5 14.
f3 Bf5 15. e4 Bd7 16. Nc2 Bg7 17. Bxg7 Rxg7 18. Ne3 Qe5 19. Rad1 Ne7 20.
Nd5 Nxd5 21. cxd5 Kb8 22. Rf2 f5 23. exf5 Qxf5 24. f4 g4 25. Re2 h5 26. Qc3
Qf7 27. Rde1 Qf8 28. Re4 Bf5 29. Rb4 Re7 30. Rc1 Qe8 31. Rc4 Rc8 32. Qb4
Re2 33. Qc3 Qe7 34. Bf1 Rxa2 35. Re1 Qf7 36. Qd4 Re8 37. Rcc1 Ra5 38. Bc4
Ra2 39. Bb5 Rg8 40. Re3 a6 41. Bc6 Qg7 42. Re8+ Rxe8 43. Qxg7 Ree2 44. Qf8+
1/2-1/2

[Event "Sparkassen Open A"]
[Site "Dortmund GER"]
[Date "2010.07.20"]
[Round "4"]
[White "Guennigmann,M"]
[Black "Carrasco,Pau"]
[Result "1-0"]
[WhiteElo "2234"]
[BlackElo "2038"]
[EventDate "2010.07.17"]

1. e4 e5 2. Nf3 d6 3. d4 Nf6 4. Nc3 Nbd7 5. g4 h6 6. Rg1 c6 7. Be3 Qc7 8.
Qd2 Be7 9. O-O-O Nf8 10. dxe5 dxe5 11. g5 Ng4 12. gxh6 gxh6 13. Nb5 cxb5
14. Bxb5+ Bd7 15. Bxd7+ Nxd7 16. Rxg4 O-O-O 17. Qe2 Nf6 18. Rgg1 Qa5 19.
Qc4+ Qc7 20. Qxc7+ Kxc7 21. Nxe5 Nxe4 22. Nxf7 Rxd1+ 23. Kxd1 Rf8 24. Nxh6
Nxf2+ 25. Ke2 Ne4 26. Rg4 Nd6 27. Rg7 Kd8 28. Bc5 Rf6 29. Rxe7 Rxh6 30.
Bxd6 Rxh2+ 31. Bxh2 1-0

[Event "Sparkassen Open A"]
[Site "Dortmund GER"]
[Date "2010.07.20"]
[Round "4"]
[White "Richters,M"]
[Black "Wittenberg,A"]
[Result "0-1"]
[WhiteElo "1951"]
[BlackElo "2143"]
[EventDate "2010.07.17"]

1. d4 e6 2. c4 Bb4+ 3. Nc3 c5 4. dxc5 Bxc3+ 5. bxc3 Qa5 6. e4 Qxc3+ 7. Bd2
Qd4 8. e5 Qxe5+ 9. Be3 Qc3+ 10. Bd2 Qd4 11. Nf3 Qxc5 12. Bd3 Nf6 13. O-O
Nc6 14. Bf4 d6 15. Rb1 Ne7 16. Rb5 Qc6 17. Nd4 Qd7 18. c5 d5 19. g4 O-O 20.
g5 Ne4 21. Qc2 Ng6 22. Bxe4 Nxf4 23. Bxh7+ Kh8 24. Rb3 g6 25. Rf3 e5 26.
Re1 Kxh7 27. Rxe5 Qg4+ 28. Kf1 Nh3 29. Qc3 Qg1+ 30. Ke2 Bg4 31. Kd2 Bxf3
0-1